[Event "BEL-chT9697"]
[Site "BEL"]
[Date "1997.??.??"]
[Round "3"]
[White "Croonenborghs, Tom"]
[Black "Pelle, Guillaume"]
[Result "1-0"]
[WhiteElo "2140"]
[BlackElo "2170"]

1.e4 c5 2.c3 Nf6 3.e5 Nd5 4.d4 cxd4 5.Nf3 e6 6.cxd4 b6 7.Nc3 Nxc3 8.bxc3 Qc7
9.Bd2 d6 10.Bd3 Be7 11.O-O Nd7 12.Bf4 Bb7 13.Re1 h6 14.Bg6 d5 15.Bd3 g5 16.Be3 O-O-O
17.a4 Kb8 18.Re2 g4 19.Ne1 Bg5 20.Qb3 f6 21.exf6 Nxf6 22.a5 Rd6 23.Rea2 g3
24.h3 Bxe3 25.fxe3 Ne4 26.axb6 Rxb6 27.Qc2 Rf8 28.Nf3 Qxc3 29.Qxc3 Nxc3 30.Rxa7 Rb2
31.R7a3 Ne4 32.Rc1 Nd2 33.Ne5 Rd8 34.Rac3 Nc4 35.Bxc4 dxc4 36.R3c2 c3 37.Nd3 Be4
38.Nxb2 Bxc2 39.Rxc2 cxb2 40.Rxb2+ Kc7 41.Rc2+ Kd6 42.Kf1 e5 43.dxe5+ Kxe5
44.Rc5+ Ke4 45.Ke2 Rf8 46.Rc4+ Ke5 47.Kd3 Rf2 48.Rc5+ Ke6 49.Rc2 Rf1 50.e4 h5
51.Rc6+ Ke5 52.Rc5+ Ke6 53.Rxh5 Rf2 54.Rg5 Rxg2 55.Ke3 Kf6 56.Rg4 Rg1 57.h4 Rh1
58.Kf3 Ke5 59.Kxg3 Rg1+ 60.Kf3 Rf1+ 61.Kg2 Ra1 62.h5 Ra6 63.Kg3 Ra3+ 64.Kh4 Kf6
65.h6 Ra1 66.Rg3 Rh1+ 67.Rh3 Re1 68.Kh5 Kf7 69.Rh4 Kg8 70.Kg6 Rg1+ 71.Kf6 Kh7
72.e5 Rf1+ 73.Ke7 Kh8 74.e6 Rd1 75.Ke8 Rd2 76.e7 Kh7 77.Rh5 Kg6 78.h7 Re2
79.Rh6+  1-0

[Event "BEL-chT9697"]
[Site "BEL"]
[Date "1997.??.??"]
[Round "5"]
[White "Lemmers, Oscar"]
[Black "Lazarev, Vladimir"]
[Result "1/2-1/2"]
[WhiteElo "2360"]
[BlackElo "2455"]

1.e4 c5 2.c3 Nf6 3.e5 Nd5 4.d4 cxd4 5.Nf3 Nc6 6.Bc4 Nb6 7.Bb3 d5 8.exd6 Qxd6
9.O-O Be6 10.Na3 dxc3 11.Qe2 Bxb3 12.Nb5 Qb8 13.axb3 e5 14.bxc3 Be7 15.Bg5 f6
16.Be3 Nc8 17.Nh4 O-O 18.Nf5 g6 19.Qc4+ Kh8 20.Nxe7 N8xe7 21.Bh6 Re8 22.Nc7 Nf5
23.Nxe8 Qxe8 24.Be3 Nd6 25.Qd5 Rd8 26.Rfd1 b6 27.Rd2 Na5 28.Rad1 Kg7 29.b4 Nc6
30.Qb3 Qe7 31.Qa4 Qc7 32.c4 Nf7 33.Rxd8 Nfxd8 34.c5 bxc5 35.Bxc5 Ne6 36.Bxa7 Ncd4
37.b5 Nf4 38.Bxd4 exd4 39.g3 Ne2+ 40.Kf1 Nc3 41.b6 Qc8 42.Qa7+ Kh6 43.Re1 Qc6
44.Kg1 d3 45.b7 Ne2+ 46.Rxe2 Qc1+ 47.Kg2 dxe2 48.Qe3+ Qxe3 49.fxe3 e1=Q 50.b8=Q Qe2+
51.Kg1 Qxe3+ 52.Kg2 Qe2+ 53.Kg1 Qd2 54.Qf8+ Kg5 55.Qc5+ f5 56.h3 Qe1+ 57.Kg2 Qe2+
58.Kg1 Kh5 59.Qc7 Qe3+ 60.Kg2 h6 61.Qf7 Kg5 62.Qf8 Qd2+ 63.Kg1 Qc1+ 64.Kg2 Qb2+
65.Kg1 Qb6+ 66.Kg2 Qc6+ 67.Kg1 Qc7 68.Kg2 f4 69.gxf4+ Qxf4 70.Qe7+ Kh5 71.Qe2+ Kh4
72.Qe1+ Kg5 73.Qe7+ Kh5 74.Qe2+  1/2-1/2

[Event "BEL-chT9697"]
[Site "BEL"]
[Date "1997.??.??"]
[Round "5"]
[White "Riemens, Albert"]
[Black "Bolzoni, Victor Angel"]
[Result "0-1"]
[WhiteElo "2180"]
[BlackElo "2260"]

1.e4 c5 2.c3 Nf6 3.e5 Nd5 4.d4 cxd4 5.cxd4 d6 6.Bc4 Nb6 7.Bb5+ Nc6 8.Nf3 dxe5
9.Nxe5 Bd7 10.Nc3 Nxe5 11.dxe5 Bxb5 12.Nxb5 Qxd1+ 13.Kxd1 O-O-O+ 14.Ke2 Rd5
15.a4 a6 16.Be3 axb5 17.Rhc1+ Kd7 18.Bxb6 Rxe5+ 19.Kf1 bxa4 20.Rc7+ Ke6 21.Rxa4 f6
22.Rb4 g6 23.Bc5 h5 24.Rbxb7 Rh7 25.b4 h4 26.h3 Kf7 27.Rc8 Rhh5 28.Rd7 Bh6
29.Rcc7 Bf8 30.Rd2 Re4 31.Rd4 Rxc5  0-1

[Event "BEL-chT9697"]
[Site "BEL"]
[Date "1997.??.??"]
[Round "9"]
[White "Riemens, Albert"]
[Black "Boeykens, Marc"]
[Result "1-0"]
[WhiteElo "2180"]
[BlackElo "2245"]

1.e4 c5 2.c3 Nf6 3.e5 Nd5 4.d4 cxd4 5.cxd4 d6 6.Bc4 Nb6 7.Bb5+ Bd7 8.e6 Bxb5
9.Qh5 Qc8 10.Qxb5+ Qc6 11.exf7+ Kxf7 12.Qf5+ Ke8 13.Ne2 g6 14.Qd3 Bg7 15.O-O Qc4
16.Qd1 Nc6 17.Be3 Rf8 18.Nbc3 Nd5 19.Nxd5 Qxd5 20.a3 Rc8 21.Rc1 Kf7 22.Nf4 Qa2
23.Qd3 Kg8 24.b3 Qxa3 25.Qc4+ d5 26.Qxd5+ Kh8 27.Ne6 Rfe8 28.Bf4 a6 29.Qd7 Qxb3
30.d5 Na7 31.Rxc8 Rxc8 32.Nxg7  1-0

[Event "Jugometal (Women)"]
[Site "Belgrade"]
[Date "1997.??.??"]
[Round "7"]
[White "Maric, Mirjana"]
[Black "Prudnikova, Svetlana"]
[Result "0-1"]
[WhiteElo "2305"]
[BlackElo "2380"]

1.e4 c5 2.c3 Nf6 3.e5 Nd5 4.Nf3 Nc6 5.Bc4 Nb6 6.Be2 d6 7.exd6 Qxd6 8.O-O g6
9.Na3 Bg7 10.d4 cxd4 11.Nb5 Qd7 12.Nbxd4 Nxd4 13.Nxd4 O-O 14.Nb5 Qc6 15.a4 e5
16.Qd6 Bf5 17.Qxc6 bxc6 18.Nd6 Be6 19.Be3 Nd5 20.Bc5 Rfb8 21.Ba3 Bf8 22.Bf3 f5
23.Rab1 e4 24.Be2 Nf4 25.Bc4 Bxc4 26.Nxc4 Bxa3 27.Nxa3 Rb3 28.Rfd1 Rab8 29.g3 Nd5
30.c4 Nb6 31.Ra1 Nxa4 32.Nc2 Nxb2 33.Rd6 Nxc4 34.Rxc6 Ne5 35.Rca6 Rb1+ 36.Kg2 Rxa1
37.Rxa1 Rb2 38.Ne3 Nd3 39.Nd1 Rd2 40.Kg1 a5 41.h4 a4 42.Nc3 Nxf2 43.Rxa4 Kg7
44.Ra7+ Kh6 45.Kf1 Kh5 46.Ne2 Nh3 47.Ke1 Rb2 48.Rxh7+ Kg4 49.Rc7 Kf3 50.Rc3+ e3
51.Nd4+ Ke4 52.Ne2 Rb1+ 53.Rc1 Rxc1+ 54.Nxc1 Kf3 55.Ne2 Nf2 56.Nd4+ Kxg3
57.h5 gxh5 58.Nxf5+ Kf4 59.Nh4 Ng4 60.Ke2 Kg3 61.Nf5+ Kf4 62.Nh4 Ke4 63.Ng2 Kd4
64.Nh4 Nh6 65.Kf3 Kd3 66.Kf4 e2 67.Ng2 h4 68.Kf3 Kd2  0-1

[Event "Benasque op"]
[Site "Benasque"]
[Date "1997.??.??"]
[Round "6"]
[White "Martin Blanco, Fernando"]
[Black "Narciso Dublan, Marc"]
[Result "0-1"]
[WhiteElo "2115"]
[BlackElo "2455"]

1.e4 c5 2.c3 Nf6 3.e5 Nd5 4.d4 cxd4 5.cxd4 e6 6.Nf3 b6 7.Bd3 Ba6 8.O-O Be7
9.Nc3 Nxc3 10.bxc3 Bxd3 11.Qxd3 O-O 12.c4 d5 13.exd6 Qxd6 14.Ne5 Nc6 15.Nxc6 Qxc6
16.Be3 Rfd8 17.f4 g6 18.Rac1 Rd7 19.Rfd1 Rad8 20.Rc2 Bf6 21.Qc3 Qe4 22.Rcd2 Kg7
23.Kf2 h5 24.g3 Rc7 25.Rc1 Qf5 26.Qd3 Qh3 27.Kg1 h4 28.Qf1 Qg4 29.Qd1 Qxd1+
30.Rdxd1 Rcd7 31.Kf2 hxg3+ 32.hxg3 Bxd4 33.Bxd4+ Rxd4 34.Rxd4 Rxd4 35.Ke3 Rd6
36.a4 Kf6 37.g4 Ke7 38.g5 Rc6 39.Kd4 Rc5 40.Ra1 Ra5 41.Ra2 Kd6 42.Ra1 Rf5
43.Ke4 Kc5 44.a5 Kxc4 45.Rc1+ Kb4 46.axb6 axb6 47.Rb1+ Kc5 48.Rc1+ Kd6 49.Rd1+ Rd5
50.Rb1 b5  0-1

[Event "Berliner Sommer"]
[Site "Berlin"]
[Date "1997.??.??"]
[Round "1"]
[White "Dauth, Benjamin"]
[Black "Mukhametov, Eldar"]
[Result "0-1"]
[WhiteElo "2025"]
[BlackElo "2475"]

1.e4 c5 2.c3 Nf6 3.e5 Nd5 4.d4 cxd4 5.cxd4 e6 6.Nc3 Nxc3 7.bxc3 Qc7 8.Bd2 d6
9.f4 g5 10.Nf3 gxf4 11.Bb5+ Bd7 12.Bxd7+ Nxd7 13.O-O Bh6 14.Rb1 dxe5 15.Nxe5 Nxe5
16.dxe5 O-O-O 17.Qe2 f3 18.Rxf3 Rxd2 19.Qf1 Rg8 20.g3 Qc5+  0-1

[Event "Berliner Sommer"]
[Site "Berlin"]
[Date "1997.??.??"]
[Round "1"]
[White "Nicolaisen, Erik"]
[Black "Savchenko, Stanislav"]
[Result "0-1"]
[WhiteElo "2035"]
[BlackElo "2565"]

1.e4 c5 2.c3 Nf6 3.e5 Nd5 4.d4 cxd4 5.Nf3 e6 6.cxd4 b6 7.Nc3 Nxc3 8.bxc3 Qc7
9.Be2 Bb7 10.O-O d6 11.Bf4 Nd7 12.Bd3 Be7 13.Re1 O-O 14.Ng5 Bxg5 15.Bxg5 dxe5
16.dxe5 Nxe5 17.Bf4 f6 18.Bxe5 fxe5 19.Qh5 g6 20.Qxe5 Qxe5 21.Rxe5 Rac8 22.Rxe6 Rxc3
23.Rd6 Kg7 24.h3 Rf6 25.Rd7+ Rf7 26.Rd6 Rc5 27.Rd1 Rg5 28.Bf1 Bc8 29.Bc4 Rc7
30.Be6 Bxe6 31.Rxe6 Rgc5 32.Red6 Rc1 33.Kh2 Rxd1 34.Rxd1 Kf6 35.Rd2 Ke5 36.Kg3 b5
37.Kg4 b4 38.f4+ Ke4 39.Re2+ Kd4 40.Re5 Rc5 41.Re2 a5 42.Kf3 a4 43.Re4+ Kc3
44.Re5 Rc7 45.g4 Kb2 46.Re2+ Ka3 47.f5 gxf5 48.gxf5 b3 49.axb3 axb3 50.Kg4 b2
51.Re1 Rc1 52.Re7 b1=Q 53.Ra7+ Kb4 54.Rb7+ Kc5 55.Rxb1  0-1

[Event "Berliner Sommer"]
[Site "Berlin"]
[Date "1997.??.??"]
[Round "3"]
[White "Baklan, Vladimir"]
[Black "Pedersen, Steffen"]
[Result "1-0"]
[WhiteElo "2570"]
[BlackElo "2435"]

1.e4 c5 2.c3 Nf6 3.e5 Nd5 4.d4 cxd4 5.cxd4 e6 6.Bc4 Nb6 7.Bd3 d6 8.exd6 Bxd6
9.Nf3 Nc6 10.O-O Nd5 11.Nc3 Nce7 12.Ne4 O-O 13.Ne5 Bxe5 14.dxe5 Ng6 15.f4 Bd7
16.Qe2 Bc6 17.a3 Qb6+ 18.Kh1 Rad8 19.Nd6 Qd4 20.Be4 f5 21.Bxd5 Qxd5 22.Rd1 Qb3
23.Rd3 Qa4 24.b4 Bb5 25.Qd1 Qxd1+ 26.Rxd1 Bc6 27.Kg1 Nh4 28.Rd2 h6 29.Rf2 Rd7
30.Be3 a6 31.Rc1 Kh7 32.Kf1 Rg8 33.g3 Ng6 34.Ra2 Ne7 35.h4 Nd5 36.Bd2 Ba4
37.Raa1 Ne7 38.Be3 Rb8 39.Ba7 Ra8 40.Bb6 Nd5 41.Bd4 Rg8 42.Kf2 g5 43.hxg5 hxg5
44.Rh1+ Kg6 45.fxg5 Kxg5 46.Rac1 Bc6 47.Rh4 Nc7 48.Be3+ Kg6 49.g4 f4 50.Bxf4 Rf8
51.Kg3 Nd5 52.Rh6+ Kg7 53.Bg5 Ne7 54.Rf6 Ng6 55.Rcf1 Rxf6 56.Bxf6+ Kg8 57.Rc1 Rh7
58.a4 Bxa4 59.Rc8+ Nf8 60.g5 Bc6 61.g6 Rh1 62.g7 Rg1+ 63.Kf4 Rxg7 64.Bxg7 Kxg7
65.Rc7+ Kh6 66.Ke3 Ng6 67.Kd4 Nh4 68.Nxb7 Bd5 69.Nc5 Nf3+ 70.Kc3 Nxe5 71.Nxa6 Ng4
72.b5 Nf6 73.b6 Ne4+ 74.Kb4 Nd6 75.Nc5  1-0

[Event "Berliner Sommer"]
[Site "Berlin"]
[Date "1997.??.??"]
[Round "4"]
[White "Slobodjan, Roman"]
[Black "Ovsejevitsch, Sergei"]
[Result "1/2-1/2"]
[WhiteElo "2550"]
[BlackElo "2465"]

1.e4 c5 2.c3 Nf6 3.e5 Nd5 4.g3 e6 5.Bg2 d6 6.exd6 Bxd6 7.Nf3 Nc6 8.d4 cxd4
9.Nxd4 Nxd4 10.Qxd4 O-O 11.Nd2 Qc7 12.O-O Rd8 13.Nc4 Be7 14.Qe4 b5 15.Ne5 Bb7
16.Qe2 a6 17.a4 Nf6 18.axb5 Bxg2 19.Kxg2 axb5 20.Rxa8 Rxa8 21.Re1 Qb7+ 22.Qf3 Qxf3+
23.Nxf3 Rc8 24.Bd2 Nd5 25.Rc1 Bf6 26.Bg5 Bxg5 27.Nxg5 Nb6 28.Rb1 e5 29.Ne4 Na4
30.Kf3 Rd8 31.Ke2 f5 32.Nd2 Kf7 33.Kd1 Nc5 34.Kc2 e4 35.Re1 Nd3 36.Re2 Ne5
37.f3 Nxf3 38.Nxf3 exf3 39.Rf2 Kf6 40.Rxf3 g5 41.Rf2 Ke5 42.Re2+ Kf6 43.Rf2 Ke5
44.Re2+ Kf6  1/2-1/2

[Event "Berliner Sommer"]
[Site "Berlin"]
[Date "1997.??.??"]
[Round "9"]
[White "Baklan, Vladimir"]
[Black "Rashkovsky, Nukhim N"]
[Result "1-0"]
[WhiteElo "2570"]
[BlackElo "2510"]

1.e4 c5 2.c3 Nf6 3.e5 Nd5 4.d4 cxd4 5.Nf3 Nc6 6.Bc4 Nb6 7.Bb3 d5 8.exd6 e6
9.cxd4 Bxd6 10.O-O Ne7 11.Nc3 Bd7 12.Ng5 h6 13.Qh5 g6 14.Qh3 Nf5 15.d5 e5
16.Nge4 Bf8 17.f4 Nd4 18.Qe3 Nxb3 19.axb3 f5 20.fxe5 fxe4 21.e6 Nxd5 22.exd7+ Qxd7
23.Qxe4+ Ne7 24.Qe5 Rh7 25.Nb5 Bg7 26.Nc7+  1-0

[Event "Mermaid Beach Club"]
[Site "Bermuda"]
[Date "1997.??.??"]
[Round "9"]
[White "Shaked, Tal"]
[Black "Hodgson, Julian M"]
[Result "1/2-1/2"]
[WhiteElo "2445"]
[BlackElo "2560"]

1.e4 c5 2.c3 Nf6 3.e5 Nd5 4.d4 cxd4 5.Nf3 Nc6 6.Bc4 Nb6 7.Bb3 d5 8.exd6 Qxd6
9.Na3 dxc3 10.Nb5 Qxd1+ 11.Kxd1 cxb2 12.Bxb2 Rb8 13.Ne5 e6 14.Nc7+ Ke7 15.Na6 Ra8
16.Nc7 Rb8  1/2-1/2

[Event "Biel op MTO"]
[Site "Biel"]
[Date "1997.??.??"]
[Round "5"]
[White "Cherniaev, Alexander"]
[Black "Kaenel, Hansjuerg"]
[Result "1/2-1/2"]
[WhiteElo "2480"]
[BlackElo "2355"]

1.e4 c5 2.c3 Nf6 3.e5 Nd5 4.Nf3 Nc6 5.Bc4 Nb6 6.Bb3 d6 7.exd6 Qxd6 8.Qe2 Bf5
9.d4 cxd4 10.Nxd4 Nxd4 11.cxd4 Qg6 12.Qb5+ Bd7 13.Qg5 e6 14.Nc3 Be7 15.Qxg6 hxg6
16.d5 Nxd5 17.Nxd5 exd5 18.Bxd5 Bb4+ 19.Bd2 Bxd2+ 20.Kxd2 Rd8 21.Ke3 Rh5
22.Be4 Rb5 23.b3 g5 24.Rhe1 Kf8 25.Rad1 f5 26.Bd3 Rd5 27.Ke2 Bc6 28.Bc2 Kf7  1/2-1/2

[Event "Bled opJ"]
[Site "Bled"]
[Date "1997.??.??"]
[Round "?"]
[White "Sveshnikov, Vladimir"]
[Black "Agovic, M."]
[Result "1-0"]
[WhiteElo "2000"]
[BlackElo "1695"]

1.e4 c5 2.c3 Nf6 3.e5 Nd5 4.d4 d6 5.Nf3 a6 6.Bc4 e6 7.a4 Be7 8.O-O O-O 9.Nbd2 b6
10.Ne4 Bb7 11.exd6 Bxd6 12.Nxd6 Qxd6 13.Re1 Nf6 14.Be3 Qc7 15.Ne5 Nc6 16.Bf4 Nxe5
17.Bxe5 Qc6 18.Bf1 Ne4 19.f3 Nd6 20.dxc5 Qxc5+ 21.Bd4 Qc7 22.Qb3 Nc8 23.Rad1 a5
24.Bd3 Bc6 25.Qc2 h6 26.Bh7+ Kh8 27.Be4 Ne7 28.Qf2 Rab8 29.Be5 Qxe5 30.Bxc6 Qg5
31.Be4 Ng6 32.Bxg6 Qxg6 33.Re5 Qf6 34.Rb5 e5 35.Re1 Rfe8 36.Qg3 Qd6 37.Rbxe5 Rxe5
38.Qxe5 Qc5+ 39.Qxc5 bxc5 40.Re2 Kh7 41.Kf2 Kg6 42.Ke3 Re8+ 43.Kd3 Rxe2 44.Kxe2 Kf5
45.Kd3 Kf4 46.b4 cxb4 47.cxb4  1-0

[Event "Bled op18th"]
[Site "Bled"]
[Date "1997.??.??"]
[Round "2"]
[White "Praznik, Anton"]
[Black "Sutovskij, Emil"]
[Result "0-1"]
[WhiteElo "2230"]
[BlackElo "2560"]

1.e4 c5 2.c3 Nf6 3.e5 Nd5 4.d4 cxd4 5.Nf3 Nc6 6.cxd4 d6 7.Bc4 Nb6 8.Bb5 dxe5
9.Nxe5 Bd7 10.Bxc6 Bxc6 11.Nxc6 bxc6 12.O-O g6 13.Re1 Bg7 14.Bg5 Nc8 15.Qf3 O-O
16.Nc3 Qb6 17.Rad1 Bxd4 18.Na4 Qb5 19.Rxd4 Qxg5 20.h4 Qa5 21.Rc1 e5 22.Rg4 h5
23.Rgc4 Nd6 24.Rxc6 Nf5 25.Qe4 Rad8 26.R6c5 Qd2 27.Qxe5 Rfe8 28.Qc3 Qf4 29.g3 Qxa4  0-1

[Event "Bled op18th"]
[Site "Bled"]
[Date "1997.??.??"]
[Round "3"]
[White "Ankerst, Milka"]
[Black "Grabert, Ralf"]
[Result "0-1"]
[WhiteElo "2175"]
[BlackElo "2280"]

1.e4 c5 2.c3 Nf6 3.e5 Nd5 4.d4 cxd4 5.Nf3 Nc6 6.cxd4 d6 7.exd6 Qxd6 8.Nc3 Bf5
9.Be2 e6 10.O-O Be7 11.Qb3 O-O 12.Nxd5 exd5 13.Bb5 Bf6 14.Be3 Bg4 15.Bxc6 bxc6
16.Nd2 Rfb8 17.Qc3 Rb6 18.Rac1 Rab8 19.Nb3 Be7 20.Rfe1 Qf6 21.Bf4 Rc8 22.Qg3 Be6
23.Bc7 Ra6 24.a3 Qg6 25.Nc5 Bxc5 26.Rxc5 Qxg3 27.Bxg3 Ra4 28.f4 Rxd4 29.f5 Bxf5
30.Rxc6 Re4 31.Rxc8+ Bxc8 32.Rd1 Be6 33.Bf2 Re2 34.Bxa7 Rxb2 35.Bd4 Ra2 36.Rb1 h6
37.Rb3 Rd2 38.Be3 Ra2 39.Rd3 Kh7 40.Bd2 g5 41.Kf2 Kg6 42.Kf3 h5 43.h3 h4
44.Bb4 f5 45.Bd2 f4 46.Bb4 Kf5 47.Bd2 Bf7 48.Ke2 Ke4 49.Rc3 d4 50.Rc5 Rxa3
51.Rxg5 Rg3 52.Rxg3 hxg3 53.Be1 Bc4+ 54.Kd2 Bf1 55.h4 Bxg2 56.h5 Bh3 57.h6 Bf5
58.Ke2 f3+ 59.Kf1 f2 60.Bxf2 gxf2 61.Kxf2 Kd3 62.Kf3 Kc2 63.Kf4 Bh7 64.Ke5 d3
65.Kf6 d2 66.Kg7 Be4  0-1

[Event "Bled op18th"]
[Site "Bled"]
[Date "1997.??.??"]
[Round "4"]
[White "Skok, Joze"]
[Black "Glienke, Manfred"]
[Result "0-1"]
[WhiteElo "2125"]
[BlackElo "2390"]

1.e4 c5 2.c3 Nf6 3.e5 Nd5 4.d4 cxd4 5.Nf3 Nc6 6.cxd4 d6 7.Nc3 dxe5 8.dxe5 Nxc3
9.Qxd8+ Kxd8 10.bxc3 Bg4 11.Ng5 Nxe5 12.f4 h6 13.fxe5 hxg5 14.Bxg5 Rc8 15.Be3 Rxc3
16.Bxa7 e6 17.Bb6+ Kc8 18.Be2 Bxe2 19.Kxe2 Ba3 20.Rad1 Rc6 21.Be3 Rh5 22.Bd4 Bc5
23.Ba1 Rh4 24.Rc1 Re4+ 25.Kd3 Re3+ 26.Kd2 Ra3 27.Rc2 Be3+ 28.Kd1 Rxc2 29.Kxc2 Rxa2+
30.Kd3 Bc5 31.g4 Kd7 32.Ke4 Rg2 33.Kf3 Rg1 34.Rxg1 Bxg1 35.h4 Bc5 36.Bb2 Be7
37.Kg3 Bb4 38.h5 Be1+ 39.Kf3 Bd2 40.Bd4 b5 41.Ke2 Bg5 42.Bc5 Ke8 43.Kd3 Be7
44.Be3 f6 45.h6 gxh6 46.exf6 Bf8 47.Ke4 Kf7 48.Ke5 b4 49.Bd4 b3 50.Bb2 Bc5
51.Kf4 Bd6+ 52.Ke4 Bc7 53.Bc3 Bd8 54.Kd3 Bxf6 55.Bd2 Bg5 56.Bb4 Bc1 57.Kc3 b2
58.Kc2 e5 59.Bc3 Ke6 60.Ba5 e4 61.Bb6 Kd5 62.Ba7 Ke5 63.Bb8+ Kf6  0-1

[Event "Slovan op"]
[Site "Bratislava"]
[Date "1997.??.??"]
[Round "3"]
[White "Novak, Ivan"]
[Black "Majzlan, Igor"]
[Result "1-0"]
[WhiteElo "2330"]
[BlackElo "2190"]

1.e4 c5 2.c3 Nf6 3.e5 Nd5 4.Nf3 e6 5.Bc4 b6 6.Bxd5 exd5 7.O-O Be7 8.d4 Bb7
9.Na3 O-O 10.Re1 d6 11.exd6 Bxd6 12.Nb5 Nc6 13.Bg5 Qd7 14.Nxd6 Qxd6 15.Qd2 Rfe8
16.Re3 Rxe3 17.Qxe3 cxd4 18.Nxd4 Nxd4 19.Qxd4 Re8 20.Rd1 Qg6 21.Bf4 Re4 22.Qd2 Qe6
23.Be3 f5 24.h3 Qe5 25.Bd4 Qe6 26.Qg5 Qd7 27.Rd3 h6 28.Qg6 Re1+ 29.Kh2 Qf7
30.Qd6 Re8 31.Rg3 Re7 32.Rxg7+  1-0

[Event "Bratto op"]
[Site "Bratto"]
[Date "1997.??.??"]
[Round "4"]
[White "Rosino, Antonio"]
[Black "Samaritani, Fabio"]
[Result "0-1"]
[WhiteElo "2265"]
[BlackElo "2220"]

1.e4 c5 2.c3 Nf6 3.e5 Nd5 4.d4 cxd4 5.Nf3 e6 6.cxd4 b6 7.Bd3 Bb4+ 8.Bd2 Bxd2+
9.Nbxd2 Nf4 10.Bf1 O-O 11.g3 Nd5 12.Bc4 Bb7 13.Qe2 f5 14.O-O-O a6 15.h4 b5
16.Bb3 h6 17.Kb1 Qb6 18.Rc1 a5 19.Rc5 Nc7 20.Rxc7 Qxc7 21.Qxb5 a4 22.Rc1 Bc6
23.Bd1 Rc8 24.Qc4 Na6 25.Ka1 Qb7 26.Qf1 Bb5 27.Nc4 Qd5 28.b3 axb3 29.axb3 Nb4+  0-1

[Event "Brugge op"]
[Site "Brugge"]
[Date "1997.??.??"]
[Round "2"]
[White "Dekker, Theo"]
[Black "Daels, Marc"]
[Result "0-1"]
[WhiteElo "2215"]
[BlackElo "2245"]

1.e4 c5 2.c3 Nf6 3.e5 Nd5 4.d4 cxd4 5.Bc4 Qc7 6.Qe2 Nb6 7.Bd3 Nc6 8.Nf3 d5
9.h3 e6 10.O-O dxc3 11.Nxc3 a6 12.Bf4 f5 13.Rac1 Be7 14.Rfe1 Qd8 15.a3 O-O
16.Qd2 Na5 17.Nd4 Nbc4 18.Qc2 Qb6 19.Nxd5 exd5 20.Nxf5 Bxf5 21.Bxf5 g6  0-1

[Event "Ciocaltea mem"]
[Site "Bucharest"]
[Date "1997.??.??"]
[Round "4"]
[White "Vajda, Levente"]
[Black "Cosma, Ioan"]
[Result "0-1"]
[WhiteElo "2435"]
[BlackElo "2495"]

1.e4 c5 2.c3 Nf6 3.e5 Nd5 4.d4 cxd4 5.Nf3 Nc6 6.Bc4 Nb6 7.Bb3 d6 8.exd6 Qxd6
9.Na3 dxc3 10.Qe2 Bf5 11.bxc3 Bd3 12.Qe3 e6 13.Bb2 Ba6 14.c4 Qb4+ 15.Nd2 O-O-O
16.Nc2 Qc5 17.Qf4 Qf5 18.Qxf5 exf5 19.O-O-O f6 20.Ne3 Nb4 21.Kb1 Nd3 22.Nf3 Bc5
23.Nxf5 Nxf2 24.Rxd8+ Rxd8 25.Rf1 Nd3 26.Nxg7 Nxb2 27.Kxb2 Rg8 28.Ne6 Rxg2+
29.Kc3 Ba3 30.Rd1 Bb2+ 31.Kb4 Rg8 32.Rb1 Be5 33.Nxe5 fxe5 34.Nc5 Rg4 35.Nxa6 bxa6
36.Rc1 Rh4 37.Rc2 Kc7 38.a4 Nd5+ 39.Kc5 Nf4 40.Rc3 Rxh2 41.Rg3 Rd2 42.Kb4 Rg2
43.Re3 h5 44.Ka5 Rg5 45.Bc2 h4 46.Be4 Rg3 47.Re1 h3 48.Kxa6 Rb3 49.Rg1 Ne6
50.Bd5 h2 51.Rg8 Nc5+ 52.Kxa7 Nxa4 53.Rg7+ Kd6 54.Rh7 Rb2 55.Bh1 Nc5 56.Rh6+ Ke7
57.Rh7+ Kf6 58.Rh5 Ne6 59.Ka6 Nf4 60.Rh8 Nd3 61.Ka5 Kf5 62.Ka4 e4 63.Rf8+ Kg5
64.Rg8+ Kf4 65.Rf8+ Ke3 66.Rh8 Kd4 67.Rh4 Nc5+ 68.Ka3 Rc2 69.Kb4 Rxc4+ 70.Kb5 Rc2
71.Kc6 Ne6+ 72.Kd6 Ng5 73.Rg4 Rc1 74.Bg2 Rg1 75.Rxg5 Rxg2  0-1

[Event "Ciocaltea mem"]
[Site "Bucharest"]
[Date "1997.??.??"]
[Round "13"]
[White "Vajda, Levente"]
[Black "Solak, Dragan"]
[Result "1/2-1/2"]
[WhiteElo "2435"]
[BlackElo "2355"]

1.e4 c5 2.c3 Nf6 3.e5 Nd5 4.d4 cxd4 5.Nf3 e6 6.cxd4 b6 7.Nc3 Nxc3 8.bxc3 Qc7
9.Bd2 d6 10.Bd3 Nd7 11.O-O dxe5 12.Re1 Bb7 13.Nxe5 Nxe5 14.Rxe5 Bd6 15.Bb5+  1/2-1/2

[Event "Budapest FS04 IM"]
[Site "Budapest"]
[Date "1997.??.??"]
[Round "1"]
[White "Pinski, Jan"]
[Black "Szeberenyi, Adam"]
[Result "1-0"]
[WhiteElo "2245"]
[BlackElo "2225"]

1.e4 c5 2.c3 Nf6 3.e5 Nd5 4.d4 cxd4 5.cxd4 Nc6 6.Nf3 d6 7.Bc4 Nb6 8.Bb3 dxe5
9.d5 Na5 10.Nc3 Nxb3 11.Qxb3 e6 12.Nxe5 Bd6 13.Qb5+ Bd7 14.Nxd7 Qxd7 15.dxe6 fxe6
16.O-O Qxb5 17.Nxb5 Kd7 18.Be3 Nd5 19.Bxa7 b6 20.Rfd1 Bc5 21.Rac1 Rhf8 22.Rc2 Rf4
23.a3 Kc6 24.Nd4+ Rxd4 25.Rxd4 Rxa7 26.g3 Kd7 27.Rd3 Rc7 28.Kg2 Bd6 29.Rxc7+ Kxc7
30.f4 Kc6 31.Kf3 Kc5 32.Rd2 b5 33.Rc2+ Kb6 34.b4 Ne7 35.Ke4 Nc6 36.f5 exf5+
37.Kd5 Nxb4+ 38.axb4 Bxb4 39.Rc8 Be7 40.Rb8+ Kc7 41.Rxb5 Bf6 42.Ke6 Kc6 43.Rxf5 Bb2
44.Rf2 Bd4 45.Rc2+ Kb5 46.g4 h6 47.h4 Bf6 48.h5 Bd4 49.Rc7 Kb6 50.Rf7 Kc6
51.Kf5 Kd6 52.Kg6  1-0

[Event "Budapest"]
[Site "Budapest"]
[Date "1997.??.??"]
[Round "3"]
[White "Persson, Richard"]
[Black "Roser, Kevin"]
[Result "1-0"]
[WhiteElo "2150"]
[BlackElo "2255"]

1.e4 c5 2.c3 Nf6 3.e5 Nd5 4.d4 cxd4 5.cxd4 d6 6.Bc4 Nb6 7.Bb5+ Bd7 8.e6 Bxb5
9.Qh5 Qc8 10.Qxb5+ Kd8 11.Ne2 fxe6 12.Nbc3 Qc4 13.Qg5 Nd5 14.O-O Nxc3 15.Nxc3 Qd3
16.Re1 Qf5 17.Ne4 h6 18.Qh4 Kd7 19.Ng5 Nc6 20.Nxe6 Nd8 21.d5 b5 22.Qd4 Rg8
23.Bd2 Qf6 24.Qg4 h5 25.Qh3 Nxe6 26.Rxe6 Qxb2 27.Rxe7+ Kxe7 28.Qe6+  1-0

[Event "Budapest FS04 IM"]
[Site "Budapest"]
[Date "1997.??.??"]
[Round "5"]
[White "Pinski, Jan"]
[Black "Farago, Sandor"]
[Result "0-1"]
[WhiteElo "2245"]
[BlackElo "2250"]

1.e4 c5 2.c3 Nf6 3.e5 Nd5 4.d4 cxd4 5.cxd4 e6 6.Nf3 d6 7.a3 Nc6 8.Bd3 Be7
9.O-O Bd7 10.Re1 Qb6 11.Nbd2 dxe5 12.Nc4 Qc7 13.dxe5 h6 14.Qe2 g5 15.h3 O-O-O
16.b4 f5 17.b5 Na5 18.Nd6+ Kb8 19.Bb2 Nb3 20.Qd1 Nxa1 21.Qxa1 Rdf8 22.a4 g4
23.hxg4 fxg4 24.Nd2 g3 25.fxg3 Rhg8 26.N2e4 h5 27.a5 Bxd6 28.exd6 Qd8 29.Be5 h4
30.Nf2 hxg3 31.Nh3 Qh4 32.b6 a6 33.Rc1 Qh6 34.Re1 Qd2 35.Be4 Bc6 36.Kh1 Ka8
37.Kg1 Nb4 38.Bc3 Qxd6 39.Qa3 Qc5+ 40.Kh1 Nd3 41.Qxc5 Nxc5 42.Bxc6 bxc6 43.Bb4 Nd3
44.Bxf8 Nxe1 45.Bd6 Nd3 46.Kg1 c5 47.Kf1 c4 48.Ke2 Kb7 49.Ng1 Kc6 50.Bc7 Nc5
51.Nf3 Kd5 52.Ne5 Nb7  0-1

[Event "Budapest FS06 GM"]
[Site "Budapest"]
[Date "1997.??.??"]
[Round "5"]
[White "Shaked, Tal"]
[Black "Dao Thien Hai"]
[Result "1/2-1/2"]
[WhiteElo "2445"]
[BlackElo "2555"]

1.e4 c5 2.c3 Nf6 3.e5 Nd5 4.d4 cxd4 5.Nf3 Nc6 6.Bc4 Nb6 7.Bb3 d5 8.exd6 Qxd6
9.O-O Bf5 10.Nxd4 Nxd4 11.cxd4 e6 12.Nc3 Be7 13.Qf3 Qd7 14.d5 O-O 15.dxe6 Bxe6
16.Rd1 Qc8 17.Bxe6 fxe6 18.Qe4 Bf6 19.Re1 Nc4 20.Rb1 Re8 21.Qg4 Bxc3 22.bxc3 e5
23.Qxc8 Raxc8 24.Rxb7 a5 25.Bg5 h6 26.Be7 Rb8 27.Reb1 Rxb7 28.Rxb7 Rc8 29.f3 Kf7
30.Kf2 Re8 31.Rc7 Rxe7 32.Rxc4 Rb7 33.Ra4 Rb2+ 34.Kg3 Rb5 35.c4 Rc5 36.Kf2 Ke6
37.Ke3 Kf5 38.Kd3 h5 39.Ra3 h4 40.Rb3 Rc6 41.Rc3 Rc5 42.Rb3 Rc6 43.Rb5 Rd6+
44.Ke3 Rd4 45.c5 a4 46.g3 g5  1/2-1/2

[Event "Spring op"]
[Site "Budapest"]
[Date "1997.??.??"]
[Round "6"]
[White "Petronijevic, Zoran"]
[Black "Kerek, Krisztian"]
[Result "1/2-1/2"]
[WhiteElo "2430"]
[BlackElo "2290"]

1.e4 c5 2.c3 Nf6 3.e5 Nd5 4.d4 cxd4 5.Nf3 e6 6.cxd4 b6 7.a3 Be7 8.Bd3 Ba6
9.Bxa6 Nxa6 10.Qd3 Nac7 11.O-O O-O 12.Nbd2 f5 13.exf6 Nxf6 14.Ne4 Ncd5 15.Ng3 Qc7
16.Bg5 Nf4 17.Qd2 N6d5 18.Rfc1 Qb7 19.Bxe7 Nxe7 20.Ne1 Ned5 21.f3 Qa6 22.Rc2 Rac8
23.Rac1 Rxc2 24.Rxc2 Rc8 25.Kf2 Rc4 26.Ne4 Qa4 27.Rxc4 Qxc4 28.g3 Ng6 29.Nc3 Nge7
30.Nxd5 Nxd5 31.Ng2 a5  1/2-1/2

[Event "Honved-B"]
[Site "Budapest"]
[Date "1997.??.??"]
[Round "7"]
[White "Palkovi, Jozsef"]
[Black "Ruck, Robert"]
[Result "1/2-1/2"]
[WhiteElo "2420"]
[BlackElo "2450"]

1.e4 c5 2.c3 Nf6 3.e5 Nd5 4.Nf3 e6 5.d4 cxd4 6.cxd4 d6 7.a3 Bd7 8.Bd3 Bc6
9.O-O Nd7 10.Re1 dxe5 11.dxe5 a5 12.Nd4 g6 13.Nxc6 bxc6 14.Nd2 Bg7 15.Nc4 O-O
16.Bd2 Qc7 17.Qe2 Nc5 18.Bc2 a4 19.Bb4 Nxb4 20.axb4 Nd7 21.Rxa4 Rxa4 22.Bxa4 Rb8
23.b3 Nb6 24.Nxb6 Qxb6 25.Rc1 Qxb4 26.Rxc6 Qd4 27.g3  1/2-1/2

[Event "Budapest FS03 IM-A"]
[Site "Budapest"]
[Date "1997.??.??"]
[Round "7"]
[White "Pinski, Jan"]
[Black "Horvath, Adam"]
[Result "1-0"]
[WhiteElo "2245"]
[BlackElo "2275"]

1.e4 c5 2.c3 Nf6 3.e5 Nd5 4.d4 cxd4 5.cxd4 e6 6.Nf3 b6 7.Nc3 Nxc3 8.bxc3 Qc7
9.Bd2 Bb7 10.Bd3 d6 11.O-O Nd7 12.Ng5 dxe5 13.Qh5 g6 14.Qh3 Be7 15.Rfe1 Rf8
16.Qxh7 Nf6 17.Qh3 O-O-O 18.Nxf7 Rxf7 19.Qxe6+ Kb8 20.Qxf7 Bd5 21.Qg7 e4
22.Be2 Rg8 23.Qh6 Bd6 24.c4  1-0

[Event "Budapest FS04 IM"]
[Site "Budapest"]
[Date "1997.??.??"]
[Round "9"]
[White "Pinski, Jan"]
[Black "Grabics, Monika"]
[Result "1-0"]
[WhiteElo "2245"]
[BlackElo "2255"]

1.e4 c5 2.c3 Nf6 3.e5 Nd5 4.d4 cxd4 5.cxd4 d6 6.Nf3 Nc6 7.Bc4 dxe5 8.dxe5 Ndb4
9.Qb3 e6 10.O-O Bd7 11.Qd1 Qc7 12.a3 Na5 13.Be2 Nd5 14.b4 Nc4 15.Qd4 Rc8
16.Nc3 Nxc3 17.Qxc3 Be7 18.Bf4 b5 19.Nd4 g5 20.Bg3 h5 21.h3 g4 22.hxg4 hxg4
23.Nf5 exf5 24.e6 Rh1+ 25.Kxh1 Qb6 26.exd7+ Kxd7 27.Rad1+ Nd6 28.Qe5  1-0